EMISSIONS SCENARIOS. (Record no. 2266)
[ view plain ]
| 000 -LEADER | |
|---|---|
| fixed length control field | 00300nam a22001097a 4500 |
| 008 - FIXED-LENGTH DATA ELEMENTS--GENERAL INFORMATION | |
| fixed length control field | 150905b xxu||||| |||| 00| 0 eng d |
| 020 ## - INTERNATIONAL STANDARD BOOK NUMBER | |
| International Standard Book Number | 0521804930 |
| 082 ## - | |
| Classification number | QTO 551.62 NAK |
| 100 ## - MAIN ENTRY--PERSONAL NAME | |
| Personal name | NAKICENOVIC, NEBOJSA. |
| 245 ## - TITLE STATEMENT | |
| Title | EMISSIONS SCENARIOS. |
| 260 ## - PUBLICATION, DISTRIBUTION, ETC. (IMPRINT) | |
| Place of publication, distribution, etc. | NEW YORK; |
| Name of publisher, distributor, etc. | CAMBRIDGE UNIVERSITY PREES, |
| Date of publication, distribution, etc. | 2000 |
No items available.
